000 00575nam a2200181Ia 4500
008 090124s9999 xx 000 0 und d
082 _b114842
100 _aपटवर्धन सुंदरराव
245 _a जीवनाची वाटचाल
250 _a2
260 _c1973
300 _a88
600 _aपटवर्धन सुंदरराव
630 _a जीवनाची वाटचाल
700 _aपटवर्धन सुंदरराव
730 _a जीवनाची वाटचाल
942 _cBOOK
999 _c160933
_d160933